• 首页
  • 本馆介绍
  • 公告通知
  • 最新文献
  • 馆藏检索
  • 电子资源
  • 读者导购
  • 参考咨询
  • 我的图书馆
  • 登录
  • 详细信息显示
  • 放入我的书架
  • 预约/预借图书
  • 作者相关作品
  • 分类相关作品
  • 丛书相关作品
  • 出版社相关作品

书目信息

  • 表格格式
  • 工作单格式
  • 卡片格式
题名:
新时代的精神
    
 
作者: 滕尼斯 , Tonnies 著 ;林荣远 译
分册:  
出版信息: 北京   北京大学出版社  2006
页数: 12,242页
开本: 23cm
丛书名: 社会学译丛
单 册:
中图分类: D095.16
科图分类:
主题词: 政治社会学--研究 , 政治社会学
电子资源:
ISBN: 7-301-10814-1
000 01096oam2 2200301 450
001 012007099469
005 20070523091040.59
010    @a7-301-10814-1@dCNY32.00
100    @a20070515d2006 km y0chiy0120 ea
101 1  @achi@cger
102    @aCN@b110000
105    @ay z 000yy
106    @ar
200 1  @a新时代的精神@Axin shi dai de jing shen@f(德)斐迪南·滕尼斯(Ferdinand Tonnies)著@F(de)fei di nan·teng ni si(Ferdinand Tonnies)zhu@g林荣远译@Glin rong yuan yi
210    @a北京@c北京大学出版社@d2006
215    @a12,242页@d23cm
225 2  @a社会学译丛
330    @a本书作者从社会学的视角观察新时代欧洲的经济、政治和精神各个领域里的进化和革命以及社会关系的深刻变化,对社会转型过程中社会关系的发展和变化有独到的见解和精辟的论述。
461  0 @12001 @a社会学译丛
510 1  @aGeist der neuzeit@zger
606 0  @a政治社会学@x研究
606 0  @a政治社会学
690    @aD095.16@v4
701  1 @c(德)@a滕尼斯@Ateng ni si@b斐迪南@4著
701  1 @c(德)@aTonnies@bFerdinand@4著
702  0 @a林荣远@Alin rong yuan@4译
801  0 @aCN@bRULIN@c20070523
905    @dD095.16@e109@s8
    
    新时代的精神/(德)斐迪南·滕尼斯(Ferdinand Tonnies)著/林荣远译.-北京:北京大学出版社,2006
    12,242页;23cm.-(社会学译丛)
    
    
    ISBN 7-301-10814-1:CNY32.00
    本书作者从社会学的视角观察新时代欧洲的经济、政治和精神各个领域里的进化和革命以及社会关系的深刻变化,对社会转型过程中社会关系的发展和变化有独到的见解和精辟的论述。
●
相关链接 在E读中查询图书 在五车中查询图书 在当当中查询图书 在豆瓣中查询图书


正题名:新时代的精神     索取号:D095.16/109         预约/预借

序号 登录号 条形码 馆藏地/架位号 状态 备注
1 0576170   205761709   第一样本阅览室/ [索取号:D095.16/109] 在馆    
2 0576171   205761718   密集书库/ [索取号:D095.16/109] 在馆    
3 0576172   205761727   第一借阅区/ [索取号:D095.16/109] 在馆    
4 0576173   205761736   第一借阅区/ [索取号:D095.16/109] 在馆    
5 0576174   205761745   密集书库/ [索取号:D095.16/109] 在馆    
6 0576175   205761754   密集书库/ [索取号:D095.16/109] 在馆    
7 0576176   205761763   第一借阅区/ [索取号:D095.16/109] 在馆    
8 0576177   205761772   密集书库/ [索取号:D095.16/109] 在馆    
唐山师范学院图书馆 欢迎您!
大连网信软件有限公司© 版权所有